header

Basin analysis (Record no. 604)

MARC details
000 -LEADER
fixed length control field 03454nam a2200385 a 4500
082 04 - DEWEY DECIMAL CLASSIFICATION NUMBER
Classification number 552/.5
100 1# - MAIN ENTRY--AUTHOR NAME
Personal name Allen, P. A.
245 10 - TITLE STATEMENT
Title Basin analysis
250 ## - EDITION STATEMENT
Edition statement 3rd ed.
260 ## - PUBLICATION, DISTRIBUTION, ETC. (IMPRINT)
Place of publication Chichester, West Susex, U.K. :
Name of publisher Wiley-Blackwell,
Year of publication 2013.
300 ## - PHYSICAL DESCRIPTION
Number of Pages xii, 619 p. :
Other physical details ill. (some col.), maps (some col.)
505 0# - FORMATTED CONTENTS NOTE
Formatted contents note pt. 1. The foundations of sedimentary basins -- pt. 2. The mechanics of sedimentary basin formation -- pt. 3. The sedimentary basin-fill -- pt. 4. Application to petroleum play assessment.
520 ## - SUMMARY, ETC.
Summary, etc "Basin Analysis is an advanced undergraduate and postgraduate text aimed at understanding sedimentary basins as geodynamic entities. The rationale of the book is that knowledge of the basic principles of the thermo-mechanical behaviour of the lithosphere, the dynamics of the mantle, and the functioning of sediment routing systems provides a sound background for studying sedimentary basins, and is a pre-requisite for the exploitation of resources contained in their sedimentary rocks. The third edition incorporates new developments in the burgeoning field of basin analysis while retaining the successful structure and overall philosophy of the first two editions.The text is divided into 4 parts that establish the geodynamical environment for sedimentary basins and the physical state of the lithosphere, followed by a coverage of the mechanics of basin formation, an integrated analysis of the controls on the basin-fill and its burial and thermal history, and concludes with an application of basin analysis principles in petroleum play assessment, including a discussion of unconventional hydrocarbon plays. The text is richly supplemented by Appendices providing mathematical derivations of a wide range of processes affecting the formation of basins and their sedimentary fills. Many of these Appendices include practical exercises that give the reader hands-on experience of quantitative solutions to important basin analysis processes.Now in full colour and a larger format, this third edition is a comprehensive update and expansion of the previous editions, and represents a rigorous yet accessible guide to problem solving in this most integrative of geoscientific disciplines.Additional resources for this book can be found at: www.wiley.com/go/allen/basinanalysis"--
650 #0 - SUBJECT ADDED ENTRY--TOPICAL TERM
Topical Term Sedimentary basins.
Topical Term Petroleum
Topical Term Petroleum
700 1# - ADDED ENTRY--PERSONAL NAME
Personal name Allen, John R.
856 40 - ELECTRONIC LOCATION AND ACCESS
Uniform Resource Identifier http://site.ebrary.com/lib/rucke/Doc?id=10713576
520 ## - SUMMARY, ETC.
-- Provided by publisher.

No items available.

© 2026 Rongo University
Contact us: librarian | system librarian | Rongo university